JoJo's Bizarre Adventure Stand (Partie 3-9) - Statistiques

Statistiques générales
  • Ce quiz a été pris 1 796 fois
    725 depuis la dernière actualisation
  • Le résultat moyen est 52 sur 172
Statistiques - réponses
Manieur Stand % Correct
Jotaro Kujo Star Platinum
93%
Jean-Pierre Polnareff Silver Chariot
84%
Dio Brando The World
83%
Joseph Joestar Hermit Purple
82%
Okuyasu Nijimura The Hand
73%
Noriaki Kakyoin Hierophant Green
72%
Josuke Higashikata Crazy Diamond
70%
Yoshikage Kira Killer Queen
70%
Giorno Giovanna Gold Experience
66%
Diavolo King Crimson
66%
Mohammed Abdul Magician's Red
65%
Rohan Kishibe Heaven's Door
64%
Iggy The Fool
64%
Koichi Hirose Echoes
63%
Jean-Pierre Polnareff Silver Chariot Requiem
63%
Giorno Giovanna Gold Experience Requiem
59%
Enrico Pucci (Stand Final) Made in Heaven
59%
Bruno Bucciarati Sticky Fingers
59%
Jolyne Cujoh Stone Free
59%
Johnny Joestar Tusk
59%
Guido Mista Sex Pistols
57%
Funny Valentine Dirty Deeds Done Dirt Cheap
56%
Leone Abbacchio Moody Blues
56%
Enrico Pucci Whitesnake
56%
Hol Horse Emperor
55%
Narancia Ghirga Aerosmith
54%
Weather Report Weather Report
54%
Enrico Pucci+Bébé Vert C-Moon
53%
Pannacotta Fugo Purple Haze
53%
Akira Otoishi Red Hot Chili Pepper
53%
Vanilla Ice Cream
52%
Yoshikage Kira (Stand n°3) Bites the Dust
51%
Risotto Nero Metallica
51%
Ermes Costello Kiss
50%
Josuke Higashikata/Josefumi Kujo Soft & Wet
50%
Chaka/Khan Anubis
47%
Mannish Boy Death Thirteen
44%
Toru Wonder of U
44%
Foo Fighters Foo Fighters
43%
Yoshikage Kira (Stand n°2) Sheer Heart Attack
43%
Gray Fly Tower Of Gray
42%
Dr. Ferdinand/Diego Brando Scary Monsters
41%
Trish Una Spice Girl
41%
Enya the Hag Justice
40%
Polpo Black Sabbath
39%
Jodio Joestar November Rain
39%
Arabia Fats Sun
38%
Keicho Nijimura Bad Company
37%
Steely Dan Lovers
37%
Funny Valentine+Le Corp Saint D4C Love Train
36%
Faux Capitaine Tennille Dark Blue Moon
36%
Diavolo/Vinegar Doppio Epitaph
36%
J.Geil Hanged Man
36%
Rubber Soul Yellow Temperance
36%
Narciso Anasui Diver Down
35%
Nena Empress
35%
Pocoloco Hey Ya!
35%
Shigekiyo Yangu Harvest
34%
Forever Strength
34%
ZZ Wheel of Fortune
34%
Cioccolata Green Day
32%
Daniel J. D'Arby Osiris
32%
Ungalo Bohemian Rhapsody
31%
Ghiaccio White Album
31%
Devo le Maudit Ebony Devil
30%
N'Doul Geb
30%
Tamami Kobayashi The Lock
30%
Pesci Beach Boy
29%
Yukako Yamagishi Love Deluxe
29%
Illuso Man in the Mirror
29%
Carne Notorious B.I.G
29%
Aya Tsuji Cinderella
28%
Yuya Fungami Highway Star
28%
Pet Shop Horus
28%
Coco Jumbo Mr.President
28%
Secco Oasis
27%
Tonio Trussardi Pearl Jam
27%
Mariah Bastet
26%
Blackmore Catch The Rainbow
26%
Mikitaka Hazekura Earth Wind and FIre
26%
Cameo Judgement
26%
Ringo Roadagain Mandom
26%
Tama Stray Cat
26%
Terunosuke Miyamoto Enigma
25%
Midler High Priestess
25%
Formaggio Little Feet
25%
Toyohiro Kanedaichi Super Fly
25%
Prosciutto The Grateful Dead
25%
Emporio Alnino Burning Down the House
24%
Oingo Khnum
24%
Melone Baby Face
23%
Masazo Kinoto Cheap Trick
23%
Sandman In a Silent Way
23%
Scolippi Rolling Stones
23%
Guccio Survivor
23%
Anjuro Katagari Aqua Necklace
22%
Gyro Zeppeli Ball Breakers
22%
Gwess Goo Goo Dolls
22%
Domenico Pucci Heavy Weather
22%
Thunder McQueen Highway to Hell
22%
Sale Kraft Work
22%
Sports Maxx Limp Bizkit
22%
Telence T. D'Arby Atum
21%
D-I-S-C-O Chocolate Disco
21%
Squalo Clash
21%
Bug Eaten/No Bug Eaten Ratt
21%
Alessi Sethan
21%
Toshikazu Hazamada Surface
21%
Tizzano Talking Head
21%
Boingo Tohth
21%
Shizuka Joestar Achtung Baby
20%
Yoshihiro Kira Atom Heart Father
20%
Axl RO Civil War
20%
Kenzou Dragon's Dream
20%
Miraschon Marilyn Manson
20%
Yasuho Hirose Paisley Park
20%
Donatello Versus Under World
20%
Magent Magent 20th Century BOY
18%
Miuccia Miuller Jail House Lock
18%
Johngalli A. Manhattan Transfer
18%
Ken Oyanagi Boy II Man
17%
Hot Pants Cream Starter
17%
Le Bébé Vert Green, Green Grass of Home
17%
Dragona Joestar Smooth Operators
17%
Mario Zucchero Soft Machine
17%
Kenny G. Tenore Sax
17%
D an G Yo-Yo Ma
17%
Rikiel Sky High
16%
Lucy Steel Ticket to Ride
16%
Tamaki Damo Vitamin C
16%
Kei Nijimura Born This Way
15%
Rai Mamezuku Doggy Style
15%
Norisuke Higashikata IV King Nothing
15%
Karera Sakunami Love Love Deluxe
15%
Mountain Tim Oh! Lonesome Me
15%
Jobin Higashikata Speed King
15%
Lang Rangler Jumpin' Jack Flash
14%
Viviano Westwood Planet Waves
14%
Joshu Higashikata Nut King Call
13%
Giant Tree Sugar Mountain
13%
Dolomite Blue Hawaii
12%
Daiya Higashikata California King Bed
12%
Wu Tomoki Doctor Wu
12%
Yotsuyu Yagiyama I Am a Rock
12%
Passage des Six Murs Les Feuilles
12%
Poor Tom Ozon Baby
12%
Tsurugi Higashikata Paper Moon King
12%
Eleven Men TATOO YOU!
12%
Paco Laburantes The Hustle
12%
Usagi Alohaoe The Matte Kudasai
12%
Mike O. Tubular Bells
12%
Ojiro Sasame Fun Fun Fun
11%
Pork Pie Hat Kid Wired
11%
Aisho Dainenjiyama Doobie Wah!
10%
Hato Higashikata Walking Heart
10%
Mitsuba Higashikata Awaking III Leaves
9%
Oyecomova Boku no Rhythm wo Kiitekure
9%
Inconnu Milagro Man
9%
Kaato Higashikata Space Trucking
9%
Benjamin Booboom Tomb of the Boom 1
9%
Andre Boomboom Tomb of the Boom 2
9%
L.A. Boomboom Tomb of the Boom 3
9%
Urban Guerrilla Brain Storm
8%
Grand Freres A. Phex Schott Key No.1
7%
Petit Freres A. Phex Schott Key No.2
7%
Charming Man Bigmouth Strikes Again
6%
Wild Cat Size Cat Size
5%
Bobby Jeans Glory Days
4%
Ningbo 200 Balloons
3%
Key West West End Girl
3%
Laem Chabang Lyin' Eyes
2%
Lulu Bags' Grove
0%
Aucun quiz correspondant
Distribution des résultats
% des personnes avec chaque résultat
Percentile par nombre de réponses
Votre historique - résultats
Vous n’avez pas pris ce quiz depuis la dernière actualisation